Countries That Border Poland - Statistics

General Stats
  • This quiz has been taken 39 times
  • The average score is 7 of 7
Answer Stats
Country % Correct
Czechia
100%
Germany
100%
Slovakia
97%
Belarus
94%
Lithuania
94%
Russia
94%
Ukraine
94%
No matching quizzes found
Score Distribution
Percent of People with Each Score
Percentile by Number Answered
Your Score History
You have not taken this quiz